000 00717 a2200217 4500
001 61714
005 20260407155907.0
008 260407a1970 arg spa d
003 AR-UNSa-BCEJYS
040 _aAR-UNSa-BCEJYS
_bspa
_cAR-UNSa-BCEJYS
080 _a347.735
_xCrédito. Títulos de crédito
245 1 0 _aDe los títulos de crédito
264 1 _aBuenos Aires :
_bAbeledo Perrot
_c1970
300 _a3 v. (437 ; 421 ; 523 p.)
_c23 cm.
505 _aVol I: Teoría general y letra de cambio -- Vol II: Letra de cambio y pagaré -- Vol III: El Cheque
041 _aspa
942 _cBK
590 _aniveau_biblio:m niveau_hierar:0
100 1 _aBonfanti, Mario Alberto
700 1 _aGarrone, José Alberto
999 _c7374
_d7374